Normal view
MARC view
- Dworkin, Ronald
Entry Personal Name
001 - CONTROL NUMBER
- control field: 94158
003 - CONTROL NUMBER IDENTIFIER
- control field: NUST
005 - DATE AND TIME OF LATEST TRANSACTION
- control field: 20220720165336.0
008 - FIXED-LENGTH DATA ELEMENTS
- fixed length control field: 220720|| aca||aabn | a|a d
040 ## - CATALOGING SOURCE
- Original cataloging agency: NUST
- Transcribing agency: NUST
100 ## - HEADING--PERSONAL NAME
- Personal name: Dworkin, Ronald
670 ## - SOURCE DATA FOUND
- Source citation: Work cat.: (NUST)0: Dworkin, Ronald., Law's empire /, c1986, 2021.
